000 00226nam a22000977a 4500
999 _c263568
_d263567
020 _a0766612104
100 _aJack London
245 _aWhite Fang
260 _aNew York
_b Atheneum Books for Young Readers
_c2000.
942 _cBK